Kvantitativne zhodnotenie implementacie Six Sigma vo vybranom podniku diplomová práca

Salvato in:
Dettagli Bibliografici
Autore principale: Kocanová, Klaudia
Ente Autore: Podnikovohospodárska fakulta EU so sídlom v Košiciach. Katedra kvantitatívnych metód
Altri autori: Hajduová, Zuzana, 1974-
Natura: Libro
Lingua:slovacco
Pubblicazione: Košice 2015
Tags: Aggiungi Tag
Nessun Tag, puoi essere il primo ad aggiungerne!!

MARC

LEADER 00000nbm a2200000 4500
001 0202090
005 20161212094313.0
041 0 |a slo 
044 |a SK 
245 1 0 |a Kvantitativne zhodnotenie implementacie Six Sigma vo vybranom podniku  |b diplomová práca  |c Klaudia Kocanová ; školiteľ: Zuzana Hajduová 
264 1 |a Košice  |c 2015 
300 |a 82 s. 
100 1 |a Kocanová, Klaudia 
700 1 |a Hajduová, Zuzana, 1974- 
710 2 |a Podnikovohospodárska fakulta EU so sídlom v Košiciach. Katedra kvantitatívnych metód